|
|
|
|
| LEADER |
01671nam a22004214a 4500 |
| 001 |
EBC422578 |
| 003 |
MiAaPQ |
| 005 |
20200520144314.0 |
| 006 |
m o d | |
| 007 |
cr cn||||||||| |
| 008 |
040224s2004 enk sb 001 0 eng |
| 010 |
|
|
|z 2004042545
|
| 020 |
|
|
|z 0198233825
|
| 035 |
|
|
|a (MiAaPQ)EBC422578
|
| 035 |
|
|
|a (Au-PeEL)EBL422578
|
| 035 |
|
|
|a (CaPaEBR)ebr10266598
|
| 035 |
|
|
|a (CaONFJC)MIL75879
|
| 035 |
|
|
|a (OCoLC)476258123
|
| 040 |
|
|
|a MiAaPQ
|c MiAaPQ
|d MiAaPQ
|
| 050 |
|
4 |
|a HD2326
|b .G475 2004
|
| 082 |
0 |
4 |
|a 302.3/5
|2 22
|
| 100 |
1 |
|
|a Gertler, Meric S.
|
| 245 |
1 |
0 |
|a Manufacturing culture
|h [electronic resource] :
|b the institutional geography of industrial practice /
|c Meric S. Gertler.
|
| 260 |
|
|
|a Oxford ;
|a New York :
|b Oxford University Press,
|c 2004.
|
| 300 |
|
|
|a xii, 201 p.
|
| 490 |
1 |
|
|a Oxford geographical and environmental studies
|
| 504 |
|
|
|a Includes bibliographical references (p. [178]-193) and index.
|
| 533 |
|
|
|a Electronic reproduction. Ann Arbor, MI : ProQuest, 2015. Available via World Wide Web. Access may be limited to ProQuest affiliated libraries.
|
| 650 |
|
0 |
|a Industrial organization
|x Social aspects.
|
| 650 |
|
0 |
|a Industrial organization
|x Regional disparities.
|
| 650 |
|
0 |
|a Organizational behavior
|x Social aspects.
|
| 650 |
|
0 |
|a Organizational behavior
|x Regional disparities.
|
| 650 |
|
0 |
|a Industries
|x Technological innovations.
|
| 650 |
|
0 |
|a Economic geography.
|
| 655 |
|
4 |
|a Electronic books.
|
| 710 |
2 |
|
|a ProQuest (Firm)
|
| 830 |
|
0 |
|a Oxford geographical and environmental studies.
|
| 856 |
4 |
0 |
|u https://ebookcentral.proquest.com/lib/matrademy/detail.action?docID=422578
|z Click to View
|